书目信息 |
| 题名: |
生理学彩色图谱
|
|
| 作者: | 德斯波波乌洛斯, , 西尔贝尔纳格尔, 著 | |
| 分册: | ||
| 出版信息: | 北京 中国科学技术出版社 2006.01 |
|
| 页数: | 436页 | |
| 开本: | 20cm | |
| 丛书名: | ||
| 单 册: | ||
| 中图分类: | Q4-64 | |
| 科图分类: | ||
| 主题词: | 生理学--sheng li xue--图谱 | |
| 电子资源: | ||
| ISBN: | 7-5046-4220-7 | |
| 000 | 01114nam0 2200241 450 | |
| 001 | 012006780907 | |
| 005 | 20060522153150.60 | |
| 010 | @a7-5046-4220-7@dCNY67.00 | |
| 100 | @a20060426d2006 km y0chiy0120 ea | |
| 101 | 1 | @aeng@cger |
| 102 | @aCN@b110000 | |
| 105 | @aa z 000yy | |
| 200 | 1 | @a生理学彩色图谱@Asheng li xue cai se tu pu@f(德) 德斯波波乌洛斯 (Despopoulos,A.), 西尔贝尔纳格尔 (Silbernester,S.) 著@F(de)de si bo bo wu luo si(Despopoulos,A.),xi er bei er na ge er(Silbernester,S.)zhu |
| 210 | @a北京@c中国科学技术出版社@d2006.01 | |
| 215 | @a436页@c图@d20cm | |
| 330 | @a本书详尽讲述了生理学的基础知识,囊括了分子和细胞生理学方面的最新研究进展,对神经传导、免疫防御、膜载体和通道等内容作了更新。书中包含大量的高质量的彩色绘图和具体的实例,书后附有详细的索引,让您更加方便快捷地获取信息。 | |
| 501 | @meng | |
| 606 | 0 | @a生理学@Asheng li xue@j图谱 |
| 690 | @aQ4-64@v4 | |
| 701 | 1 | @a德斯波波乌洛斯,@Ade si bo bo wu luo si,@bA.@g(Despopoulos, A.)@4著 |
| 701 | 1 | @a西尔贝尔纳格尔,@Axi er bei er na ge er,@bS.@g(Silbernester, S.)@4著 |
| 801 | 0 | @aCN@bQSSK@c20060522 |
| 905 | @a10447@dQ4-64@eD220 | |
| 生理学彩色图谱/(德) 德斯波波乌洛斯 (Despopoulos,A.), 西尔贝尔纳格尔 (Silbernester,S.) 著.-北京:中国科学技术出版社,2006.01 |
| 436页:图;20cm |
| ISBN 7-5046-4220-7:CNY67.00 |
| 本书详尽讲述了生理学的基础知识,囊括了分子和细胞生理学方面的最新研究进展,对神经传导、免疫防御、膜载体和通道等内容作了更新。书中包含大量的高质量的彩色绘图和具体的实例,书后附有详细的索引,让您更加方便快捷地获取信息。 |
| ● |
| 相关链接 |
|
|
|
正题名:生理学彩色图谱
索取号:Q4-64/D220
 
预约/预借
| 序号 | 登录号 | 条形码 | 馆藏地/架位号 | 状态 | 备注 |
| 1 | 559527 | 205595275 | 自科库401/401自科库 27排4列2层/ [索取号:Q4-64/D220] | 在馆 | |
| 2 | 559528 | 205595284 | 自科库401/401自科库 27排4列2层/ [索取号:Q4-64/D220] | 在馆 |